000 00536nam a22001937a 4500
005 20260515115025.0
008 240821b |||||||| |||| 00| 0 eng d
020 _a9788178190310
040 _aIN-DiNC
_cIN-DiNC
041 _dben
082 _a891.443
_bDES
245 _aDeshbidesher hasir gapla/
_cTranslated by Shibram Chakraborty
250 _a1st ed.
260 _aKolkata:
_bNew age publishers,
_c2006.
300 _a80p.
650 _aShort stories of world
700 _aChakraborty, Shibram
_eTranslator
942 _2ddc
_cBK
999 _c11852
_d11852